Reemplazo de calderas de vapor en terminal Quintero, RP-1091: declaración de impacto ambiental para RPC

I tiakina i:
Ngā taipitopito rārangi puna kōrero
Kaituhi rangatōpū: Parés y Alvarez Ingenieros Asociados (Author)
Hōputu: Pukapuka
Reo:Pāniora
I whakaputaina: Concepción Parés y Alvarez Ingenieros Asociados 2003
Ngā marau:
Ngā Tūtohu: Tāpirihia he Tūtohu
Kāore He Tūtohu, Me noho koe te mea tuatahi ki te tūtohu i tēnei pūkete!

MARC

LEADER 00000nam a2200000 a 4500
001 UCK4779
003 CL-VaPUC
008 050624e20031100CL |||||||||||||||||spa|d
082 0 4 |a 363.731  |b PAR  |2 21 
110 2 |a Parés y Alvarez Ingenieros Asociados  |e author  |9 493342 
245 1 0 |a Reemplazo de calderas de vapor en terminal Quintero, RP-1091: declaración de impacto ambiental para RPC 
300 |a Pág. irreg 
942 |c BK 
945 |d 20050624 00:00:00  |a cmena 
260 |a Concepción  |b Parés y Alvarez Ingenieros Asociados  |c 2003 
500 |a Incluye Planos 
600 0 7 |a ILUSTRE MUNICIPALIDAD DE QUINTERO  |2 CL-VaPUC  |9 493343 
600 0 7 |a RPC  |2 CL-VaPUC  |9 493344 
650 0 |a Impacto ambiental  |9 262796 
650 7 |a CONTAMINACION INDUSTRIAL  |2 CL-VaPUC  |9 261690 
650 0 |a Residuos sólidos   |9 367336 
650 0 |a Protección del medio ambiente  |9 257626 
650 7 |a CALDERAS  |2 CL-VaPUC  |9 260947 
651 0 |a Quintero  |9 479428 
651 0 |a Región 05  |9 267528 
583 |a last modification  |c 20050624 00:00:00  |k Rodrigo Vera 
999 |c 313523  |d 313521 
952 |0 0  |1 0  |4 0  |6 363_731000000000000_PAR_2003  |7 0  |8 P  |9 384928  |a BIBING  |b BIBING  |d 2019-11-22  |i 4137310  |o 363.731 PAR 2003  |p 4137310  |r 2025-01-20  |w 2019-11-22  |y BK  |k CCL